Thiết kế đường ô tô : Công trình vượt sông

Giáo trình cung cấp kiến thức cơ bản về thiết kế đường ô tô, qua các chương: Khái niệm chung về đường ô tô, Sự chuyển động của xe trên đường, Thiết kế đường cong nằm, Thiết kế trắc dọc và trắc ngang, Qui luật chuyển động của dòn...

Disgrifiad llawn

Wedi'i Gadw mewn:
Manylion Llyfryddiaeth
Prif Awdur: Đỗ, Bá Chương
Fformat: Llyfr
Iaith:Undetermined
Cyhoeddwyd: Hà Nội Giáo Dục 1997
Pynciau:
Tagiau: Ychwanegu Tag
Dim Tagiau, Byddwch y cyntaf i dagio'r cofnod hwn!
Thư viện lưu trữ: Trung tâm Học liệu Trường Đại học Cần Thơ
LEADER 01098nam a2200217Ia 4500
001 CTU_29675
008 210402s9999 xx 000 0 und d
020 |c 18000 
082 |a 625.725 
082 |b Ch561/T.1/1997 
100 |a Đỗ, Bá Chương 
245 0 |a Thiết kế đường ô tô : 
245 0 |b Công trình vượt sông 
245 0 |c Đỗ Bá Chương 
260 |a Hà Nội 
260 |b Giáo Dục 
260 |c 1997 
520 |a Giáo trình cung cấp kiến thức cơ bản về thiết kế đường ô tô, qua các chương: Khái niệm chung về đường ô tô, Sự chuyển động của xe trên đường, Thiết kế đường cong nằm, Thiết kế trắc dọc và trắc ngang, Qui luật chuyển động của dòng xe, Thiết kế cảnh quan đường ô tô, và Nút giao thông 
650 |a civil engineering,roads - design and construction 
904 |i Minh, 990416 
980 |a Trung tâm Học liệu Trường Đại học Cần Thơ